| Registos Bibliográficos associados ao registo de autoridade |
|
Etiqueta de registo: 00254nam 2200025 450 001 2207169 003 http://id.bnportugal.gov.pt/bib/catbnp/2207169 010 ## $a978-972-30-2376-3 021 ## $aPT$b540492/24 100 ## $a20250307d2024 m y0pory01030103ba 101 0# $apor 102 ## $aPT 105 ## $ay z 000yy 106 ## $ar 200 1# $a " Dai razões da vossa esperança"$ecarta pastoral do Patriarca de Lisboa sobre a esperança cristã$fRui Valério 205 ## $a1ª ed 210 #9 $aApelação$cPaulus,$d2024 215 ## $a25 p.$d21 cm 675 ## $a272-42$vBN$zpor$31254118 675 ## $a272-772-46(469.411)"2025"$vBN$zpor$31949919 710 01 $aLisboa.$bCardeal Patriarca,$c2023- (Rui Valério)$31947401 801 #0 $aPT$bBN$gRPC 856 41 $uhttp://rnod.bnportugal.gov.pt/ImagesBN/winlibimg.aspx?skey=&doc=2207169&img=206107&save=true 900 ## $aBIBNAC$d20250401 966 ## $lBN$mFGMON$sR. 33002 V.$x1 966 ## $lBN$mFGMON$sR. 33002 V.-D$x1 971 ## $casantos$d20250307 972 ## $e0$z0$d20250401$viquintas 973 ## $cacosta$d20250325
Etiqueta de registo: 00254nam 2200025 450 001 2228694 003 http://id.bnportugal.gov.pt/bib/catbnp/2228694 010 ## $a978-972-30-2393-0 021 ## $aPT$b547265/25 100 ## $a20251014d2025 m y0pory01030103ba 101 0# $apor 102 ## $aPT 105 ## $ay z 000yy 106 ## $ar 200 1# $a O primeiro Concílio Ecuménico$eNiceia 325, memória e herança$fcoord. Isidro P. Lamelas$gpref. Rui Valério$gtextos Adélio Fernando Abreu... [et al.] 205 ## $a1ª ed 210 #9 $aApelação$cPaulus,$d2025 215 ## $a285 p.$cil.$d21 cm 675 ## $a272-732"325"(042)$vBN$zpor$31971931 675 ## $a272-67(042)$vBN$zpor$31324172 701 #1 $aAbreu,$bAdélio,$f1970-$4070$31260333 702 #1 $aLamelas,$bIsidro Pereira,$f1965-$4340$3749342 712 01 $aLisboa.$bCardeal Patriarca,$c2023- (Rui Valério)$4080$31947401 801 #0 $aPT$bBN$gRPC 856 41 $uhttp://rnod.bnportugal.gov.pt/ImagesBN/winlibimg.aspx?skey=&doc=2228694&img=215121&save=true 900 ## $aBIBNAC$d20251114 966 ## $lBN$mFGMON$sR. 33250 V.$x1 966 ## $lBN$mFGMON$sR. 33250 V.-D$x1 971 ## $cjbeatriz$d20251014 972 ## $e0$z0$d20251114$vasantos 973 ## $cacosta$d20251112 975 ## $e0$d20251117$viquintas
Etiqueta de registo: 00254nam 2200025 450 001 2263818 003 http://id.bnportugal.gov.pt/bib/catbnp/2263818 010 ## $a9789725411612 021 ## $aPT$b555577/25 100 ## $a20260210d2025 m y0pory01030103ba 101 1# $apor 102 ## $aPT 105 ## $ay z 000yy 106 ## $ar 200 1# $aPensamento social católico, mercado e políticas públicas$edesafios do século XXI$forg. Philip Booth, André Azevedo Alves$gtrad. Inês Gregório, Patrícia Fernandes$gpref. Rui Valério, Isabel Capeloa Gil 210 #9 $aLisboa$cUCP - Universidade Católica Editora,$d2025 215 ## $a368 p.$d21 cm 675 ## $a272-43(042)$vBN$zpor$31347995 702 #1 $aBooth,$bPhilip$4340$31984412 702 #1 $aAlves,$bAndré Azevedo$4340$31190969 702 #1 $aGregório,$bInês$4730$31905281 702 #1 $aFernandes,$bPatrícia$4730$31441342 702 #1 $aGil,$bIsabel Capeloa,$f1965-$4080$358804 712 01 $aLisboa.$bCardeal Patriarca,$c2023- (Rui Valério)$4080$31947401 801 #0 $aPT$bBN$gRPC 856 41 $uhttp://rnod.bnportugal.gov.pt/ImagesBN/winlibimg.aspx?skey=&doc=2263818&img=220433&save=true 900 ## $aBIBNAC$d20260330 966 ## $lBN$mFGMON$sR. 33418 V.$x1 966 ## $lBN$mFGMON$sR. 33418 V.-D$x1 971 ## $cisantos$d20260210 973 ## $caalmeid$d20260317 975 ## $e0$d20260330$viquintas
|
|
|